000 00537cam a2200217 4500
008 090401t1994 xxu||||| |||| 00| 0 eng d
020 _a1857161335
035 _a(Sirsi) u84475
041 _aeng
050 _a639.9
110 _aEnglish Nature
_93309
245 _aManaging local nature reserves.
260 _aPeterborough
_bEnglish Nature
_c1994
300 _a62p. : ill. ; 30cm.
350 _a5
650 _aLOCAL NATURE RESERVES
650 _aMANAGEMENT
690 _aCONSERVATION
942 _n0
948 _c24/02/1998
999 _c96953
_d96953